[Event "Madrid-ch Semifinal B"]
[Site "Madrid ESP"]
[Date "2016.03.19"]
[Round "7.7"]
[White "Cruz Gonzalez, Antonio"]
[Black "Fernandez Rios, Jose Francisco"]
[Result "1/2-1/2"]
[WhiteElo "1709"]
[BlackElo "1776"]
[PlyCount "55"]
[EventDate "2016.03.03"]
[EventType "swiss"]
[EventRounds "9"]
[EventCountry "ESP"]
[Source "lmi"]
[SourceDate "2016.03.03"]

1. e4 c5 2. Nf3 g6 3. d4 cxd4 4. Nxd4 Bg7 5. Nc3 Nc6 6. Be3 Nf6 7. Bc4 Qa5 8.
O-O O-O 9. Bb3 d6 10. h3 Bd7 11. Nde2 Rac8 12. f4 Qh5 13. Ng3 Qxd1 14. Raxd1 a6
15. f5 Na5 16. fxg6 hxg6 17. Bd5 Bc6 18. Bb6 Bxd5 19. Bxa5 Be6 20. Bb6 Rc4 21.
Bd4 Rfc8 22. Rf3 b5 23. b3 R4c7 24. a3 Nd7 25. Bxg7 Kxg7 26. Nge2 Ne5 27. Re3
Rc5 28. Rd2 1/2-1/2

[Event "Madrid-ch Semifinal B"]
[Site "Madrid ESP"]
[Date "2016.03.19"]
[Round "7.8"]
[White "Gonzalez Rivera, Eduardo"]
[Black "Leniz Martinez, Francisco"]
[Result "1/2-1/2"]
[WhiteElo "2047"]
[BlackElo "1698"]
[PlyCount "85"]
[EventDate "2016.03.03"]
[EventType "swiss"]
[EventRounds "9"]
[EventCountry "ESP"]
[Source "lmi"]
[SourceDate "2016.03.03"]

1. e4 c5 2. Nf3 e6 3. d4 cxd4 4. Nxd4 a6 5. Nc3 Qc7 6. g3 Bb4 7. Nde2 Nf6 8.
Bg2 d6 9. O-O Nbd7 10. Be3 O-O 11. a3 Bc5 12. Bxc5 dxc5 13. Nf4 Rb8 14. a4 b6
15. Qe2 Bb7 16. Rfe1 Ne5 17. Nh5 Nxh5 18. Qxh5 Rbd8 19. Rad1 Nc6 20. e5 Rxd1
21. Rxd1 Nd4 22. Ne4 Bxe4 23. Bxe4 g6 24. Qg5 Rd8 25. Kf1 Nc6 26. Rxd8+ Nxd8
27. Qd2 Nb7 28. f4 h5 29. Qe2 c4 30. Kg2 b5 31. axb5 axb5 32. g4 hxg4 33. Qxg4
Nc5 34. Bf3 Qd7 35. Qg3 Na4 36. b3 cxb3 37. cxb3 Nc5 38. b4 Qd2+ 39. Qf2 Qxb4
40. Kg3 Nd3 41. Qe3 Qe1+ 42. Qxe1 Nxe1 43. Be2 1/2-1/2

[Event "Madrid-ch Semifinal B"]
[Site "Madrid ESP"]
[Date "2016.03.19"]
[Round "7.9"]
[White "Cuellar Gutierrez, Raul"]
[Black "Estevez Sacristan, Deva"]
[Result "0-1"]
[WhiteElo "1803"]
[BlackElo "1651"]
[PlyCount "124"]
[EventDate "2016.03.03"]
[EventType "swiss"]
[EventRounds "9"]
[EventCountry "ESP"]
[Source "lmi"]
[SourceDate "2016.03.03"]

1. e4 e6 2. d4 d5 3. exd5 exd5 4. Nf3 Bd6 5. Bd3 Bg4 6. O-O Ne7 7. Nbd2 Nbc6 8.
c3 Qd7 9. Qc2 h5 10. Re1 O-O-O 11. b4 f6 12. a4 g5 13. a5 Bf5 14. b5 Nb8 15.
Ba3 Bxd3 16. Qxd3 Bxa3 17. Rxa3 Nf5 18. Nb3 Nd6 19. b6 axb6 20. axb6 cxb6 21.
Nfd2 Nb5 22. Ra2 g4 23. c4 Nc7 24. Rc2 Nc6 25. Qc3 h4 26. Nf1 h3 27. g3 f5 28.
c5 b5 29. Ra2 Rhf8 30. Na5 b4 31. Qb2 Na6 32. Rea1 Nab8 33. Nd2 f4 34. Ndb3
fxg3 35. fxg3 Qe6 36. Qd2 Qe4 37. Re1 Qf3 38. Qe2 Qxe2 39. Raxe2 Rf3 40. Rf1
Rdf8 41. Ref2 Rxf2 42. Rxf2 Rxf2 43. Kxf2 Nxa5 44. Nxa5 Nc6 45. Nb3 Kc7 46. Ke3
b6 47. Kf4 Na5 48. Nd2 b3 49. Kxg4 b2 50. cxb6+ Kxb6 51. Kxh3 Nb3 52. Nb1 Nxd4
53. Kg2 Ne6 54. h4 d4 55. Kf2 Kc5 56. Ke2 Kc4 57. Kd2 Kb3 58. Kd3 Ka2 59. Nd2
Nc5+ 60. Kc4 Ne4 61. Nxe4 b1=Q 62. Nc3+ dxc3 0-1

[Event "Madrid-ch Semifinal B"]
[Site "Madrid ESP"]
[Date "2016.04.01"]
[Round "8.1"]
[White "Quispe Arteaga, Gabriel"]
[Black "Pindado Campos, Raul"]
[Result "1-0"]
[WhiteElo "2059"]
[BlackElo "2035"]
[PlyCount "95"]
[EventDate "2016.03.03"]
[EventType "swiss"]
[EventRounds "9"]
[EventCountry "ESP"]
[Source "lmi"]
[SourceDate "2016.03.03"]

1. d4 d5 2. c4 c6 3. e3 Nf6 4. Nf3 e6 5. Bd3 Bd6 6. O-O O-O 7. Nc3 dxc4 8. Bxc4
Nbd7 9. e4 e5 10. Bg5 Qc7 11. h3 b5 12. Bd3 a6 13. Rc1 Qb8 14. Bb1 Bb7 15. dxe5
Nxe5 16. Nxe5 Bxe5 17. f4 Qa7+ 18. Kh1 Bd4 19. Qc2 Nd7 20. Ne2 c5 21. e5 g6 22.
Nxd4 cxd4 23. Qf2 Rfc8 24. Qh4 d3 25. Qh6 Qb6 26. Bxd3 Rxc1 27. Rxc1 Rc8 28.
Rxc8+ Bxc8 29. Bf5 Bb7 30. e6 fxe6 31. Bxg6 hxg6 32. Qxg6+ Kf8 33. Qh7 Qc6 34.
Qh6+ Kg8 35. Qg6+ Kf8 36. Bd8 Qxg2+ 37. Qxg2 Bxg2+ 38. Kxg2 Kf7 39. Kf3 Kg6 40.
Kg4 Nc5 41. h4 Nd3 42. h5+ Kf7 43. b3 Nb4 44. Kg5 Nxa2 45. Bf6 Nb4 46. h6 Nd5
47. h7 Nxf6 48. h8=Q 1-0

[Event "Madrid-ch Semifinal B"]
[Site "Madrid ESP"]
[Date "2016.04.01"]
[Round "8.3"]
[White "Perez de Aranda, Leonardo Ivan"]
[Black "Vukotic Jovsic, Dragan"]
[Result "1-0"]
[WhiteElo "2082"]
[BlackElo "1977"]
[PlyCount "113"]
[EventDate "2016.03.03"]
[EventType "swiss"]
[EventRounds "9"]
[EventCountry "ESP"]
[Source "lmi"]
[SourceDate "2016.03.03"]

1. e4 c5 2. c4 Nc6 3. Nc3 e6 4. g3 g6 5. Bg2 Bg7 6. Nge2 Nge7 7. O-O O-O 8. Rb1
a6 9. a3 Qa5 10. d3 d6 11. Be3 Nd4 12. b4 Qc7 13. f4 Rb8 14. e5 dxe5 15. bxc5
Nef5 16. Bf2 Qxc5 17. g4 Nxe2+ 18. Nxe2 Nd4 19. fxe5 Bxe5 20. Ng3 Qxa3 21. Qd2
b5 22. Ne4 Qe7 23. Rbe1 Bb7 24. Qh6 Bg7 25. Bh4 Bxe4 26. Qxg7+ Kxg7 27. Bxe7
Bxg2 28. Kxg2 Nc2 29. Re2 Nd4 30. Bf6+ Kg8 31. Bxd4 Rfd8 32. Be5 Rb7 33. cxb5
axb5 34. d4 f5 35. g5 Kf7 36. Rb1 Ra8 37. Reb2 Ra5 38. Rc2 b4 39. Rc8 b3 40.
Rc7+ Rxc7 41. Bxc7 Rb5 42. Rb2 Ke7 43. Kf3 Kd7 44. Be5 Kc6 45. Ke3 Kb6 46. Kd3
Ka5 47. Kc3 Ka4 48. Rb1 Rb7 49. Ra1+ Kb5 50. Kxb3 Kc6+ 51. Kc4 Kd7 52. Kc5 Rb2
53. Ra7+ Ke8 54. Rxh7 Rg2 55. Kd6 Rxg5 56. Kxe6 Rh5 57. Rxh5 1-0

[Event "Madrid-ch Semifinal B"]
[Site "Madrid ESP"]
[Date "2016.04.01"]
[Round "8.4"]
[White "Ocaña Lameiro, Oliver"]
[Black "Rojas Pozo, Jose Luis"]
[Result "1-0"]
[WhiteElo "1953"]
[BlackElo "2017"]
[PlyCount "49"]
[EventDate "2016.03.03"]
[EventType "swiss"]
[EventRounds "9"]
[EventCountry "ESP"]
[Source "lmi"]
[SourceDate "2016.03.03"]

1. c4 c6 2. Nc3 d5 3. cxd5 cxd5 4. d4 Nf6 5. Nf3 Nc6 6. Bf4 a6 7. Rc1 e6 8. e3
Be7 9. Bd3 O-O 10. a3 Bd7 11. b4 b5 12. h3 Rc8 13. Ne5 Nxb4 14. axb4 Bxb4 15.
Qb3 Qa5 16. Kd2 Rxc3 17. Rxc3 Rc8 18. Rhc1 Be8 19. f3 Nd7 20. Nxd7 Bxd7 21. Bg3
Rxc3 22. Rxc3 Bxc3+ 23. Qxc3 b4 24. Qc7 Qa2+ 25. Bc2 1-0

[Event "Madrid-ch Semifinal B"]
[Site "Madrid ESP"]
[Date "2016.04.01"]
[Round "8.5"]
[White "Ruiz Sanchez, Roberto"]
[Black "Martinez Alvira, Santiago"]
[Result "1-0"]
[WhiteElo "1982"]
[BlackElo "1947"]
[PlyCount "89"]
[EventDate "2016.03.03"]
[EventType "swiss"]
[EventRounds "9"]
[EventCountry "ESP"]
[Source "lmi"]
[SourceDate "2016.03.03"]

1. e4 e6 2. d4 d5 3. Nd2 Nf6 4. e5 Nfd7 5. Bd3 c5 6. c3 Nc6 7. Ne2 cxd4 8. cxd4
f6 9. exf6 Nxf6 10. Nf3 Bb4+ 11. Bd2 Bd6 12. O-O Qc7 13. Rc1 O-O 14. b4 Qb6 15.
a3 Nh5 16. Be3 Qd8 17. Bg5 Qe8 18. Re1 Bd7 19. Bc2 Qf7 20. Qd3 g6 21. Bh6 Ng7
22. Bb3 Ne7 23. Ba2 Nef5 24. Bd2 Nh4 25. Rc3 Rac8 26. Rec1 Rxc3 27. Rxc3 Nxf3+
28. Qxf3 Qe7 29. Qh3 Bb5 30. Nc1 a5 31. bxa5 Bxa3 32. Rxa3 Qc7 33. Qc3 Qf7 34.
Be3 Qf5 35. Rb3 Qg4 36. Qd2 Bc6 37. Nd3 Nf5 38. Ne5 Qe4 39. Bb1 Qh4 40. Bxf5
gxf5 41. a6 Ba4 42. Bg5 Qe4 43. Rxb7 Ra8 44. a7 Be8 45. f3 1-0

[Event "Madrid-ch Semifinal B"]
[Site "Madrid ESP"]
[Date "2016.04.01"]
[Round "8.6"]
[White "Gonzalez Rivera, Eduardo"]
[Black "Cruz Gonzalez, Antonio"]
[Result "1-0"]
[WhiteElo "2047"]
[BlackElo "1709"]
[PlyCount "35"]
[EventDate "2016.03.03"]
[EventType "swiss"]
[EventRounds "9"]
[EventCountry "ESP"]
[Source "lmi"]
[SourceDate "2016.03.03"]

1. e4 c5 2. Nf3 Nc6 3. d4 cxd4 4. Nxd4 e5 5. Nb3 Nf6 6. Nc3 Bb4 7. Bd3 d5 8.
exd5 Qxd5 9. O-O Bxc3 10. bxc3 O-O 11. Bg5 Qd8 12. Qf3 Bg4 13. Bxf6 Bxf3 14.
Bxd8 Bxg2 15. Kxg2 Raxd8 16. Be4 f5 17. Bxc6 bxc6 18. Rad1 1-0

[Event "Madrid-ch Semifinal B"]
[Site "Madrid ESP"]
[Date "2016.04.01"]
[Round "8.7"]
[White "Zhou, Lulu"]
[Black "Molina Garcia, Francisco Javier"]
[Result "0-1"]
[WhiteElo "1522"]
[BlackElo "1907"]
[PlyCount "42"]
[EventDate "2016.03.03"]
[EventType "swiss"]
[EventRounds "9"]
[EventCountry "ESP"]
[Source "lmi"]
[SourceDate "2016.03.03"]

1. e4 e6 2. d4 d5 3. Nc3 dxe4 4. Nxe4 Nd7 5. Nf3 Ngf6 6. Bd3 c5 7. Nxf6+ Nxf6
8. O-O cxd4 9. Nxd4 Be7 10. Re1 O-O 11. a3 a6 12. c4 Qc7 13. b4 Rd8 14. Nf3 b6
15. Qc2 Bb7 16. Ng5 h6 17. Ne4 Ng4 18. h3 Qh2+ 19. Kf1 Ne5 20. Re3 f5 21. Bb2
Rxd3 0-1

[Event "Madrid-ch Semifinal B"]
[Site "Madrid ESP"]
[Date "2016.04.01"]
[Round "8.8"]
[White "Estevez Sacristan, Deva"]
[Black "Morera Rodriguez, Ignacio"]
[Result "1/2-1/2"]
[WhiteElo "1651"]
[BlackElo "1901"]
[PlyCount "122"]
[EventDate "2016.03.03"]
[EventType "swiss"]
[EventRounds "9"]
[EventCountry "ESP"]
[Source "lmi"]
[SourceDate "2016.03.03"]

1. e4 d6 2. d4 g6 3. Nf3 Bg7 4. Bd3 a6 5. O-O b5 6. c3 Bb7 7. Na3 Nd7 8. Nc2 c5
9. b3 Ngf6 10. Re1 O-O 11. Ba3 c4 12. bxc4 bxc4 13. Bxc4 Nxe4 14. Bb2 Rc8 15.
Bxa6 Nxc3 16. Bxc3 Bxa6 17. Qd2 Qc7 18. Nb4 Qxc3 19. Qxc3 Rxc3 20. Nxa6 e6 21.
Rec1 Rfc8 22. Rxc3 Rxc3 23. a4 Rc4 24. a5 Bxd4 25. Nxd4 Rxd4 26. Nc7 Rc4 27.
Nb5 d5 28. a6 Nb6 29. a7 Kg7 30. g3 Na8 31. Kf1 Kf6 32. Ke1 Ke7 33. Kd2 Kd7 34.
Kd3 Kc6 35. Nc3 Rb4 36. h3 Kb7 37. Rb1 Rxb1 38. Nxb1 Kxa7 39. Kd4 Nc7 40. Ke5
Ne8 41. Nd2 Kb6 42. Nf3 Kc5 43. h4 Nd6 44. Ne1 Ne4 45. g4 Nxf2 46. Kf6 Nxg4+
47. Kxf7 e5 48. Kg7 Ne3 49. Kxh7 Nf5 50. Kxg6 Nxh4+ 51. Kg5 Kd4 52. Kxh4 Ke3
53. Kg3 Ke2 54. Nc2 d4 55. Nb4 d3 56. Nd5 d2 57. Nc3+ Kd3 58. Nd1 Ke2 59. Nc3+
Kd3 60. Nd1 Kc2 61. Ne3+ Kc1 1/2-1/2

[Event "Madrid-ch Semifinal B"]
[Site "Madrid ESP"]
[Date "2016.04.01"]
[Round "8.9"]
[White "Leniz Martinez, Francisco"]
[Black "Fernandez Rios, Jose Francisco"]
[Result "1/2-1/2"]
[WhiteElo "1698"]
[BlackElo "1776"]
[PlyCount "69"]
[EventDate "2016.03.03"]
[EventType "swiss"]
[EventRounds "9"]
[EventCountry "ESP"]
[Source "lmi"]
[SourceDate "2016.03.03"]

1. e4 c5 2. c3 d5 3. exd5 Qxd5 4. d4 g6 5. Na3 Bg7 6. Nf3 Nf6 7. Bc4 Qe4+ 8.
Be3 O-O 9. h3 cxd4 10. cxd4 Nd5 11. Bxd5 Qxd5 12. O-O Nc6 13. Qe2 Rd8 14. Nb5
Qd7 15. Rfe1 Nb4 16. Nc3 Nd5 17. Nxd5 Qxd5 18. b3 Bf5 19. Rac1 Rac8 20. Rxc8
Rxc8 21. Rc1 Rxc1+ 22. Bxc1 Be4 23. Be3 e6 24. Qc4 Qxc4 25. bxc4 Bxf3 26. gxf3
a6 27. Kf1 Kf8 28. Ke2 Ke7 29. Bg5+ Kd6 30. Kd3 f5 31. Be3 b5 32. Kc3 bxc4 33.
Kxc4 Bf6 34. f4 Bd8 35. f3 1/2-1/2

[Event "Madrid-ch Semifinal B"]
[Site "Madrid ESP"]
[Date "2016.04.02"]
[Round "9.2"]
[White "Ramos del Campo, Alexander"]
[Black "Ocaña Lameiro, Oliver"]
[Result "0-1"]
[WhiteElo "2091"]
[BlackElo "1953"]
[PlyCount "56"]
[EventDate "2016.03.03"]
[EventType "swiss"]
[EventRounds "9"]
[EventCountry "ESP"]
[Source "lmi"]
[SourceDate "2016.03.03"]

1. e4 c6 2. d4 d5 3. Nd2 g6 4. c3 Bg7 5. Bd3 dxe4 6. Nxe4 Nd7 7. Qe2 Ndf6 8.
Nxf6+ Nxf6 9. Bf4 Bg4 10. Qd2 Qd5 11. f3 Bf5 12. Be5 Bxd3 13. Qxd3 O-O-O 14.
Qc2 Nh5 15. Bxg7 Nxg7 16. Ne2 e5 17. O-O Nf5 18. c4 Nxd4 19. cxd5 Nxc2 20. Rac1
Ne3 21. dxc6 Nxf1 22. Kxf1 Rd2 23. cxb7+ Kxb7 24. Rc5 f6 25. Rb5+ Ka6 26. Nc3
Rc8 27. a4 Rc6 28. Na2 Rb6 0-1

[Event "Madrid-ch Semifinal B"]
[Site "Madrid ESP"]
[Date "2016.04.02"]
[Round "9.3"]
[White "Pindado Campos, Raul"]
[Black "Aguilera Lopez, Alejandro"]
[Result "1-0"]
[WhiteElo "2035"]
[BlackElo "2044"]
[PlyCount "43"]
[EventDate "2016.03.03"]
[EventType "swiss"]
[EventRounds "9"]
[EventCountry "ESP"]
[Source "lmi"]
[SourceDate "2016.03.03"]

1. d4 d5 2. c4 c6 3. cxd5 cxd5 4. Nc3 Nf6 5. Nf3 e6 6. Bf4 Qb6 7. Qc2 Bb4 8. e3
Ne4 9. Bd3 f5 10. O-O O-O 11. Rac1 Nc6 12. Nb5 Bd7 13. Bc7 Qa6 14. a3 b6 15.
Nd6 Qxd3 16. Qxd3 Bxd6 17. Bxd6 Nxd6 18. Rfe1 a6 19. Ne5 Nxe5 20. dxe5 Bb5 21.
Qd4 Nc4 22. b3 1-0

[Event "Madrid-ch Semifinal B"]
[Site "Madrid ESP"]
[Date "2016.04.02"]
[Round "9.4"]
[White "Vukotic Jovsic, Dragan"]
[Black "Ruiz Sanchez, Roberto"]
[Result "1-0"]
[WhiteElo "1977"]
[BlackElo "1982"]
[PlyCount "61"]
[EventDate "2016.03.03"]
[EventType "swiss"]
[EventRounds "9"]
[EventCountry "ESP"]
[Source "lmi"]
[SourceDate "2016.03.03"]

1. d4 d5 2. Nf3 Nf6 3. Bf4 c5 4. e3 Nc6 5. c3 e6 6. Nbd2 Bd6 7. Bg3 O-O 8. Bd3
Qe7 9. Ne5 Qc7 10. f4 Nd7 11. Qg4 f5 12. Qh3 Nf6 13. Ndf3 a6 14. O-O b5 15. a3
Na5 16. Bf2 Nc4 17. b3 Nb6 18. g4 Ne4 19. Bxe4 dxe4 20. Ng5 h6 21. Kh1 Bxe5 22.
dxe5 hxg5 23. fxg5 g6 24. gxf5 Rxf5 25. Rad1 Bb7 26. Rd6 Raf8 27. Rxe6 Qf7 28.
Rxb6 Rxf2 29. Rxf2 Qxf2 30. Rxg6+ Kf7 31. Qe6# 1-0

[Event "Madrid-ch Semifinal B"]
[Site "Madrid ESP"]
[Date "2016.04.02"]
[Round "9.5"]
[White "Molina Garcia, Francisco Javier"]
[Black "Gonzalez Rivera, Eduardo"]
[Result "0-1"]
[WhiteElo "1907"]
[BlackElo "2047"]
[PlyCount "46"]
[EventDate "2016.03.03"]
[EventType "swiss"]
[EventRounds "9"]
[EventCountry "ESP"]
[Source "lmi"]
[SourceDate "2016.03.03"]

1. d4 d5 2. c4 c6 3. Nf3 Nf6 4. Nc3 e6 5. e3 Nbd7 6. Bd3 dxc4 7. Bxc4 b5 8. Bd3
Bb7 9. O-O a6 10. Qe2 c5 11. e4 cxd4 12. Nxd4 Nc5 13. Rd1 Nxd3 14. Rxd3 Qc7 15.
Bg5 b4 16. Nd5 Nxd5 17. exd5 Bxd5 18. Nf5 h6 19. Bh4 g5 20. Rxd5 gxh4 21. Rad1
Rg8 22. Qe4 Rc8 23. Rd7 Qxd7 0-1

[Event "Madrid-ch Semifinal B"]
[Site "Madrid ESP"]
[Date "2016.04.02"]
[Round "9.6"]
[White "Fernandez Rios, Jose Francisco"]
[Black "Rojas Pozo, Jose Luis"]
[Result "0-1"]
[WhiteElo "1776"]
[BlackElo "2017"]
[PlyCount "52"]
[EventDate "2016.03.03"]
[EventType "swiss"]
[EventRounds "9"]
[EventCountry "ESP"]
[Source "lmi"]
[SourceDate "2016.03.03"]

1. d4 d5 2. c4 e5 3. dxe5 d4 4. Nf3 Nc6 5. g3 Bg4 6. Bg2 Qd7 7. O-O O-O-O 8.
Qb3 Bh3 9. Bxh3 Qxh3 10. Ng5 Qh5 11. Qf3 Qxf3 12. Nxf3 a6 13. Rd1 Nb4 14. a3
Nc6 15. b4 g5 16. Bb2 Bg7 17. Bxd4 g4 18. b5 gxf3 19. e3 Nxd4 20. Rxd4 Bxe5 21.
Rxd8+ Kxd8 22. Ra2 Nf6 23. Nd2 Ke7 24. Nxf3 Bd6 25. Rc2 Bc5 26. a4 Rd8 0-1

[Event "Madrid-ch Semifinal B"]
[Site "Madrid ESP"]
[Date "2016.04.02"]
[Round "9.7"]
[White "Martinez Alvira, Santiago"]
[Black "Leniz Martinez, Francisco"]
[Result "1-0"]
[WhiteElo "1947"]
[BlackElo "1698"]
[PlyCount "99"]
[EventDate "2016.03.03"]
[EventType "swiss"]
[EventRounds "9"]
[EventCountry "ESP"]
[Source "lmi"]
[SourceDate "2016.03.03"]

1. f4 Nf6 2. Nf3 g6 3. e3 Bg7 4. c4 d6 5. Nc3 c6 6. d4 O-O 7. Bd3 Bg4 8. h3
Bxf3 9. Qxf3 d5 10. c5 e6 11. Bd2 a5 12. g4 Nbd7 13. h4 h5 14. gxh5 Nxh5 15.
Ne2 b6 16. cxb6 Qxb6 17. Bc3 c5 18. Rg1 c4 19. Bc2 Ndf6 20. Ng3 Ra7 21. O-O-O
a4 22. a3 Rb8 23. Rg2 Qd8 24. Rh1 Rbb7 25. Nxh5 Nxh5 26. Rg5 Qe8 27. Rhg1 Nf6
28. h5 Nxh5 29. Qxh5 gxh5 30. Rxg7+ Kf8 31. Rg8+ Ke7 32. Rxe8+ Kxe8 33. Rg8+
Kd7 34. f5 Rc7 35. Bb4 Kc6 36. e4 exf5 37. e5 Kb7 38. Rh8 Ra8 39. Rxh5 Rg8 40.
Rh1 Rg4 41. Bd6 Rc6 42. Bxa4 Rb6 43. Be8 Rg2 44. Bb4 Rg7 45. Rf1 Rbg6 46. Rxf5
Rg1+ 47. Kc2 R1g2+ 48. Kb1 Rg1+ 49. Ka2 Rd1 50. Rxf7+ 1-0

[Event "Madrid-ch Semifinal B"]
[Site "Madrid ESP"]
[Date "2016.04.02"]
[Round "9.8"]
[White "Cruz Gonzalez, Antonio"]
[Black "Cuellar Gutierrez, Raul"]
[Result "0-1"]
[WhiteElo "1709"]
[BlackElo "1803"]
[PlyCount "96"]
[EventDate "2016.03.03"]
[EventType "swiss"]
[EventRounds "9"]
[EventCountry "ESP"]
[Source "lmi"]
[SourceDate "2016.03.03"]

1. e4 e6 2. d4 d5 3. Nc3 Nf6 4. e5 Nfd7 5. f4 c5 6. Nf3 Nc6 7. Be2 Qb6 8. Na4
Qa5+ 9. c3 cxd4 10. b4 Qc7 11. Nxd4 a6 12. O-O Nxd4 13. Qxd4 Be7 14. Be3 O-O
15. a3 f6 16. c4 fxe5 17. fxe5 Rxf1+ 18. Bxf1 dxc4 19. Nb6 Nxb6 20. Qxb6 Qxe5
21. Rc1 Bd7 22. Rxc4 Bc6 23. Rg4 Bf6 24. Bd4 Qf5 25. Rg3 Rf8 26. Bd3 Bxd4+ 27.
Qxd4 Qf6 28. Qxf6 Rxf6 29. Re3 Bd5 30. Re2 h6 31. Rc2 g5 32. Rc7 Kf8 33. Rh7
Ke8 34. b5 axb5 35. Bxb5+ Kd8 36. Rd7+ Kc8 37. Re7 Kb8 38. Rh7 Ka7 39. Bd3 Kb6
40. Rg7 Kc5 41. h4 gxh4 42. Rg4 e5 43. Rxh4 b5 44. Rb4 Bc4 45. Bxc4 bxc4 46.
Rb2 c3 47. Rc2 Kc4 48. a4 Kb3 0-1

[Event "Madrid-ch Semifinal B"]
[Site "Madrid ESP"]
[Date "2016.04.02"]
[Round "9.9"]
[White "Zhou, Lulu"]
[Black "Estevez Sacristan, Deva"]
[Result "1-0"]
[WhiteElo "1522"]
[BlackElo "1651"]
[PlyCount "71"]
[EventDate "2016.03.03"]
[EventType "swiss"]
[EventRounds "9"]
[EventCountry "ESP"]
[Source "lmi"]
[SourceDate "2016.03.03"]

1. e4 e6 2. d4 d5 3. Nc3 Nf6 4. e5 Nfd7 5. f4 c5 6. Nf3 Nc6 7. Be3 Be7 8. Be2
a6 9. O-O b5 10. a3 Qb6 11. dxc5 Bxc5 12. Bxc5 Nxc5 13. Kh1 Bb7 14. Nd4 O-O-O
15. Nxc6 Bxc6 16. b4 Ne4 17. Nxe4 dxe4 18. Qe1 h5 19. c4 h4 20. cxb5 axb5 21.
h3 Qb7 22. Qc3 Kb8 23. a4 Rc8 24. axb5 Bxb5 25. Qe3 Bxe2 26. Qxe2 Rc3 27. Rfe1
e3 28. Rec1 Rxc1+ 29. Rxc1 Qxb4 30. Qxe3 Rd8 31. Qf2 Rh8 32. Qc2 Qe7 33. Rb1+
Ka8 34. Qa4+ Qa7 35. Qc6+ Qb7 36. Qxb7# 1-0